Statistics for Croatian Olympic medal winning sports

Click here to take the quiz!

General Stats

  • This quiz has been taken 73 times
    (56 since last reset)
  • The average score is 10 of 15

Answer Stats

MedalsGSBSport% Correct
3201Handball
96%
3120Water polo
92%
1010Basketball
92%
10460Alpine skiing
82%
3003Tennis
82%
5311Athletics
76%
5131Rowing
73%
3201Shooting
73%
1001Boxing
69%
1010Swimming
67%
2110Sailing
55%
2101Weightlifting
51%
1010Gymnastics
51%
3003Taekwondo
45%
1001Biathlon
43%

Score Distribution

Percentile by Number Answered

Percent of People with Each Score

Your Score History

You have not taken this quiz since the last reset